|
|
|
|
| LEADER |
00000nam0a2200000 4500 |
| 001 |
162231 |
| 005 |
20231031160300.0 |
| 020 |
|
|
|a RU
|b 92-15151ж
|
| 035 |
|
|
|a (RuTPU)RU\TPU\book\175942
|
| 090 |
|
|
|a 162231
|
| 100 |
|
|
|a 20090618d1991 k y0rusy5003 ca
|
| 101 |
0 |
|
|a rus
|
| 102 |
|
|
|a RU
|
| 105 |
|
|
|a a z 001zy
|
| 200 |
1 |
|
|a Совершенствование геологопромысловых методов подготовки и разработки сложнопостроенных месторождений нефти и газа
|f Всесоюзный нефтегазовый научно-исследовательский институт им. А. П. Крылова (ВНИИ) ; под ред. А. Я. Фурсова
|
| 210 |
|
|
|a Москва
|c Изд-во ВНИИ
|d 1991
|
| 215 |
|
|
|a 128 с.
|c ил.
|
| 225 |
1 |
|
|a Сборник научных трудов Всесоюзного нефтегазового научно-исследовательского института (ВНИИ)
|v Вып. 112
|
| 320 |
|
|
|a Библиография в конце статей
|
| 610 |
1 |
|
|a нефтепромысловая геология
|
| 610 |
1 |
|
|a газопромысловая геология
|
| 610 |
1 |
|
|a подготовка
|
| 610 |
1 |
|
|a разработка
|
| 610 |
1 |
|
|a нефть
|
| 610 |
1 |
|
|a газ
|
| 610 |
1 |
|
|a месторождения
|
| 675 |
|
|
|a 622.323
|v 3
|
| 702 |
|
1 |
|a Фурсов
|b А. Я.
|g Альберт Яковлевич
|4 340
|
| 712 |
0 |
2 |
|a Всесоюзный нефтегазовый научно-исследовательский институт им. А. П. Крылова (ВНИИ)
|c (Москва)
|c (1987-1992)
|2 stltpush
|3 (RuTPU)RU\TPU\col\246
|
| 801 |
|
0 |
|a RU
|b RuMRKP
|c 19950417
|g psbo
|
| 801 |
|
1 |
|a RU
|b 63413507
|c 20090618
|g PSBO
|
| 801 |
|
2 |
|a RU
|b 63413507
|c 20120614
|g PSBO
|
| 942 |
|
|
|c BK
|